LEADER 01123nam--2200373---45-- 001 990000389810203316 010 $a3-906390-21-7 035 $a0038981 035 $aUSA010038981 035 $a(ALEPH)000038981USA01 035 $a0038981 100 $a20010404d2000----km-y0ITAy0103-------ba 101 0 $aENG 102 $aUS 200 1 $aPerspectives in nucleoside and nucleic acid chemistry$fM. Volkan Kisakurek, Helmut Rosemeyer (eds.) 210 $aNew York$cWiley-VCH$dcopyr. 2000 215 $a420 p.$cill.$d20 cm. 410 $12001 610 1 $aNucleoside 610 1 $aAcido nucleico 676 $a615.31 702 1$aKisakurek,$bM.Volkan 702 1$aRosemeyer,$bHelmut 801 0$aITA$bCBS$gISBD 912 $a990000389810203316 951 $a615.31 PER$b0026313 CBS$c615.31$d00104690 959 $aBK 969 $aSCI 979 $aALANDI$b90$c20010404$lUSA01$h1142 979 $aALANDI$b90$c20010420$lUSA01$h1331 979 $c20020403$lUSA01$h1647 979 $aPATRY$b90$c20040406$lUSA01$h1627 996 $aPerspectives in nucleoside and nucleic acid chemistry$9875946 997 $aUNISA